000 00580nam a2200229Ia 4500
003 OSt
005 20220924133518.0
006 a|||||r|||| 00| 0
007 ta
008 220923b |||||||| |||| 00| 0 per d
024 _a266255
037 _cTextual
040 _aARTS
_cARTS
_bper
041 _2per
_aper
082 _aO164V2:M8, 168K1
100 _aImamul Haq
_9206674
245 0 _aSher ul ajam fi hind
260 _c1961
650 _aPERSIAN LITERATURE
_9309
942 _hO164V2:M8, 168K1
_cTEXL
_2CC
999 _c434118
_d434118